[Event "Oberliga NRW 2324"]
[Site "Germany"]
[Date "2024.04.28"]
[Round "9.1"]
[White "Fluechter, Gregor"]
[Black "Stillger, Bernhard"]
[Result "1/2-1/2"]
[WhiteElo "2293"]
[BlackElo "2284"]
[PlyCount "27"]
[EventDate "2023.09.03"]
[EventType "team-tourn"]
[EventRounds "9"]
[EventCountry "GER"]
[SourceTitle "EXT 2025"]
[Source "ChessBase"]
[SourceDate "2024.10.14"]
[SourceVersion "1"]
[SourceVersionDate "2024.10.14"]
[SourceQuality "1"]
[WhiteTeam "Brackel"]
[BlackTeam "Muelheim Nord II"]
[WhiteTeamCountry "GER"]
[BlackTeamCountry "GER"]

1. e4 e5 2. Nf3 Nf6 3. Nxe5 d6 4. Nf3 Nxe4 5. d3 Nf6 6. d4 d5 7. Bd3 Bd6 8. 0-0 0-0 9. Bg5 Bg4 10. Nbd2 Nbd7 11. c3 c6 12. Qc2 Qc7 13. Rae1 Rae8 14. h3 1/2-1/2

[Event "Oberliga NRW 2223"]
[Site "Germany"]
[Date "2023.04.16"]
[Round "7.4"]
[White "Wacker, Peter"]
[Black "Fluechter, Gregor"]
[Result "1-0"]
[WhiteElo "2265"]
[BlackElo "2264"]
[PlyCount "107"]
[EventDate "2022.09.11"]
[EventType "team-tourn"]
[EventRounds "9"]
[EventCountry "GER"]
[SourceTitle "EXT 2025"]
[Source "ChessBase"]
[SourceDate "2024.10.14"]
[SourceVersion "1"]
[SourceVersionDate "2024.10.14"]
[SourceQuality "1"]
[WhiteTeam "Koeln SF"]
[BlackTeam "Brackel"]
[WhiteTeamCountry "GER"]
[BlackTeamCountry "GER"]

1. e4 c5 2. Nf3 Nc6 3. Nc3 g6 4. d4 cxd4 5. Nxd4 Bg7 6. Be3 d6 7. Qd2 Nf6 8. f3 0-0 9. Bc4 Bd7 10. Bb3 Na5 11. Bh6 Rc8 12. Bxg7 Kxg7 13. 0-0-0 Nc4 14. Bxc4 Rxc4 15. g4 Qa5 16. Nb3 Qa6 17. Kb1 Rfc8 18. e5 Ne8 19. h4 h6 20. Rhe1 Be6 21. exd6 Qxd6 22. Nd4 Bd7 23. Qe3 Qc5 24. Qxe7 Rxd4 25. Qxc5 Rxd1+ 26. Rxd1 Rxc5 27. Rxd7 h5 28. Ne4 Rc7 29. Rd8 Nf6 30. Nxf6 Kxf6 31. gxh5 gxh5 32. Rd5 Rc4 33. Rxh5 Rf4 34. b3 Rxf3 35. Rc5 Rf4 36. Rc7 Rb4 37. a3 Rb6 38. Kb2 Kg6 39. h5+ Kxh5 40. Rxf7 Kg6 41. Rf3 Rf6 42. Rxf6+ Kxf6 43. Kc3 Ke5 44. Kc4 Kd6 45. b4 Kc6 46. b5+ Kb6 47. Kb4 Kc7 48. Kc5 Kd7 49. a4 Kc7 50. b6+ Kb8 51. bxa7+ Ka8 52. Kb5 Kxa7 53. a5 Kb8 54. a6 1-0

[Event "Oberliga NRW 2223"]
[Site "Germany"]
[Date "2023.03.05"]
[Round "6.2"]
[White "Erwich, Frank"]
[Black "Fluechter, Gregor"]
[Result "1-0"]
[WhiteElo "2383"]
[BlackElo "2264"]
[PlyCount "61"]
[EventDate "2022.09.11"]
[EventType "team-tourn"]
[EventRounds "9"]
[EventCountry "GER"]
[SourceTitle "EXT 2025"]
[Source "ChessBase"]
[SourceDate "2024.10.14"]
[SourceVersion "1"]
[SourceVersionDate "2024.10.14"]
[SourceQuality "1"]
[WhiteTeam "Erkenschwick"]
[BlackTeam "Brackel"]
[WhiteTeamCountry "GER"]
[BlackTeamCountry "GER"]

1. e4 c5 2. Nf3 Nc6 3. Bb5 g6 4. 0-0 Bg7 5. c3 Nf6 6. Re1 0-0 7. d4 cxd4 8. cxd4 d5 9. e5 Ne4 10. Nc3 Nxc3 11. bxc3 Bd7 12. Bd3 Qc7 13. Ng5 Na5 14. Re3 f5 15. exf6 Rxf6 16. Ba3 Qf4 17. Nf3 e6 18. Be7 Rf7 19. Bh4 Qc7 20. Ng5 Rff8 21. Nxh7 Qxc3 22. Nxf8 Ba4 23. Bxg6 Qxd4 24. Bh7+ Kh8 25. Ng6+ Kxh7 26. Qh5+ Bh6 27. Rae1 Bd7 28. Bg5 Qg7 29. Bxh6 Qxg6 30. Qh4 Rg8 31. Bf8+ 1-0

[Event "Oberliga NRW 2122"]
[Site "Germany"]
[Date "2022.05.29"]
[Round "6.4"]
[White "Fluechter, Gregor"]
[Black "Omelja, Artem"]
[Result "1-0"]
[WhiteElo "2225"]
[BlackElo "2515"]
[PlyCount "73"]
[EventDate "2021.10.31"]
[EventType "team-tourn"]
[EventRounds "9"]
[EventCountry "GER"]
[SourceTitle "EXT 2024"]
[Source "ChessBase"]
[SourceDate "2023.10.10"]
[SourceVersion "1"]
[SourceVersionDate "2023.10.10"]
[SourceQuality "1"]
[WhiteTeam "Brackel"]
[BlackTeam "Siegburg"]
[WhiteTeamCountry "GER"]
[BlackTeamCountry "GER"]

1. e4 c5 2. f4 e6 3. Nf3 d5 4. Bb5+ Bd7 5. Bxd7+ Qxd7 6. Ne5 Qc7 7. exd5 exd5 8. Nc3 Nf6 9. Qf3 d4 10. Nb5 Qe7 11. 0-0 a6 12. Re1 axb5 13. Nd3 Nc6 14. Rxe7+ Bxe7 15. Ne5 0-0 16. Nxc6 bxc6 17. Qxc6 d3 18. cxd3 Rad8 19. Qxb5 Nd5 20. d4 Nxf4 21. d3 Ne2+ 22. Kh1 Nxd4 23. Qc4 Nf5 24. Qe4 Nd4 25. Qxe7 Rde8 26. Qh4 Nc2 27. Bg5 Nxa1 28. Be7 Nc2 29. Bxf8 Re1+ 30. Qxe1 Nxe1 31. Bxc5 Nxd3 32. b4 Nxc5 33. bxc5 Kf8 34. a4 Ke7 35. a5 Kd7 36. a6 Kc6 37. g4 1-0

[Event "GER-ch Net blitz sf"]
[Site "Playchess.com INT"]
[Date "2021.06.05"]
[Round "11"]
[White "Hundack, Rolf"]
[Black "Fluechter, Gregor"]
[Result "0-1"]
[WhiteElo "2055"]
[BlackElo "2220"]
[PlyCount "66"]
[EventDate "2021.06.05"]
[EventType "swiss (blitz)"]
[EventRounds "13"]
[EventCountry "GER"]
[SourceTitle "EXT 2023"]
[Source "ChessBase"]
[SourceDate "2022.10.05"]
[SourceVersion "1"]
[SourceVersionDate "2022.10.05"]
[SourceQuality "1"]

1. c4 Nf6 2. Nc3 e6 3. e4 d5 4. e5 Nfd7 5. d4 Bb4 6. cxd5 exd5 7. Nf3 0-0 8. Bd3 f5 9. 0-0 c6 10. Ng5 Qe8 11. f4 Na6 12. Qf3 Nc7 13. Qh3 Qg6 14. Be2 Ne6 15. Bh5 Nxg5 16. fxg5 Qe6 17. Bf4 g6 18. Be2 b5 19. g4 Nb6 20. gxf5 Qxf5 21. Qg2 Qc2 22. Be3 Qxb2 23. Rxf8+ Bxf8 24. Qf1 Qxc3 25. Bf4 Qxd4+ 26. Kh1 Bf5 27. Bg3 Be4+ 28. Bf3 Bxf3+ 29. Qxf3 Qxa1+ 30. Kg2 Qd4 31. Qf6 Qe4+ 32. Kh3 Qf5+ 33. Qxf5 gxf5 0-1

[Event "GER-ch Net blitz sf"]
[Site "Playchess.com INT"]
[Date "2021.06.05"]
[Round "3"]
[White "Kollars, Dmitrij"]
[Black "Fluechter, Gregor"]
[Result "1-0"]
[WhiteElo "2358"]
[BlackElo "2220"]
[PlyCount "63"]
[EventDate "2021.06.05"]
[EventType "swiss (blitz)"]
[EventRounds "13"]
[EventCountry "GER"]
[SourceTitle "EXT 2023"]
[Source "ChessBase"]
[SourceDate "2022.10.05"]
[SourceVersion "1"]
[SourceVersionDate "2022.10.05"]
[SourceQuality "1"]

1. e4 c5 2. Nf3 Nc6 3. Bb5 g6 4. 0-0 Bg7 5. c3 Nf6 6. Re1 0-0 7. d4 cxd4 8. cxd4 d5 9. e5 Ne4 10. Nc3 Nxc3 11. bxc3 Bd7 12. Rb1 Qa5 13. Qb3 e6 14. h4 h5 15. Bd2 Qc7 16. Bd3 Na5 17. Qc2 Be8 18. Bg5 b6 19. Qd2 Rc8 20. Rbc1 Nc4 21. Qf4 Bb5 22. g4 hxg4 23. Qxg4 Na3 24. Bxb5 Nxb5 25. h5 Nxc3 26. Bd2 Qc4 27. Rxc3 Qxa2 28. Rxc8 Rxc8 29. hxg6 Rc3 30. gxf7+ Kxf7 31. Ng5+ Kf8 32. Qxe6 1-0

[Event "GER-ch Net blitz qual4"]
[Site "Playchess.com INT"]
[Date "2021.05.10"]
[Round "8"]
[White "Fluechter, Gregor"]
[Black "Tiarks, Jann Christian"]
[Result "0-1"]
[WhiteElo "2202"]
[BlackElo "1988"]
[PlyCount "62"]
[EventDate "2021.05.10"]
[EventType "swiss (blitz)"]
[EventRounds "11"]
[EventCountry "GER"]
[SourceTitle "CBM 202 Extra"]
[Source "ChessBase"]
[SourceDate "2021.07.31"]
[SourceVersion "1"]
[SourceVersionDate "2021.07.31"]
[SourceQuality "1"]

1. e4 c5 2. Nf3 d6 3. d4 cxd4 4. Nxd4 Nf6 5. Nc3 a6 6. Bc4 e6 7. 0-0 Nbd7 8. Bxe6 fxe6 9. Nxe6 Qb6 10. Nd5 Nxd5 11. exd5 Nc5 12. Ng5 Bf5 13. Qf3 g6 14. g4 Be7 15. gxf5 0-0 16. Qg2 Rxf5 17. Nh3 Raf8 18. b3 Nd7 19. Be3 Qc7 20. c4 Ne5 21. f4 Nd7 22. Rae1 Nc5 23. Ng5 Bxg5 24. fxg5 Nd3 25. Rxf5 Rxf5 26. Rf1 Qe7 27. Bd4 Rxg5 28. Bf6 Qe3+ 29. Kh1 Rxg2 30. Kxg2 Nf4+ 31. Kh1 Qe4+ 0-1

[Event "GER-ch Net blitz qual3"]
[Site "Playchess.com INT"]
[Date "2021.05.07"]
[Round "5"]
[White "Haus, Volker"]
[Black "Fluechter, Gregor"]
[Result "0-1"]
[WhiteElo "2003"]
[BlackElo "1620"]
[PlyCount "44"]
[EventDate "2021.05.07"]
[EventType "swiss (blitz)"]
[EventRounds "11"]
[EventCountry "GER"]
[SourceTitle "CBM 202 Extra"]
[Source "ChessBase"]
[SourceDate "2021.07.31"]
[SourceVersion "1"]
[SourceVersionDate "2021.07.31"]
[SourceQuality "1"]

1. d4 Nf6 2. c4 e5 3. d5 Bc5 4. e3 d6 5. Bd2 a5 6. Nc3 0-0 7. Nge2 Ne8 8. Ne4 Bb6 9. Rc1 f5 10. c5 Ba7 11. cxd6 fxe4 12. dxc7 Nxc7 13. Ng3 Nxd5 14. Qh5 Nc6 15. Bc4 Kh8 16. 0-0 Nf6 17. Qh4 Qxd2 18. Nxe4 Nxe4 19. Qxe4 Bf5 20. Qh4 Qxb2 21. e4 Bg6 22. Kh1 Rxf2 0-1

[Event "GER-ch Net blitz qual3"]
[Site "Playchess.com INT"]
[Date "2021.05.07"]
[Round "10"]
[White "Serbu, Eli"]
[Black "Fluechter, Gregor"]
[Result "1-0"]
[WhiteElo "2333"]
[BlackElo "1620"]
[PlyCount "117"]
[EventDate "2021.05.07"]
[EventType "swiss (blitz)"]
[EventRounds "11"]
[EventCountry "GER"]
[SourceTitle "CBM 202 Extra"]
[Source "ChessBase"]
[SourceDate "2021.07.31"]
[SourceVersion "1"]
[SourceVersionDate "2021.07.31"]
[SourceQuality "1"]

1. e4 e5 2. Nf3 d5 3. Nxe5 dxe4 4. d4 Nd7 5. Nc4 Nb6 6. Nc3 Nf6 7. Bg5 Be7 8. Nxb6 axb6 9. Bb5+ c6 10. Be2 0-0 11. 0-0 h6 12. Bh4 Bf5 13. a3 Qd7 14. Bc4 Rad8 15. Ne2 b5 16. Bb3 Bg4 17. c3 Nd5 18. Bxe7 Qxe7 19. h3 Be6 20. Qd2 f5 21. Ng3 Kh8 22. Rae1 Rde8 23. Ba2 Nb6 24. Bxe6 Qxe6 25. Ne2 Qb3 26. Nc1 Qd5 27. f3 Nc4 28. Qc2 e3 29. f4 Nd2 30. Nd3 Nxf1 31. Kxf1 Re4 32. g3 Re7 33. Ne5 Qh1+ 34. Ke2 Qg2+ 35. Kd1 Qxg3 36. Qd3 Re6 37. Rxe3 Qxf4 38. Rg3 Kg8 39. Rf3 Qe4 40. Qf1 f4 41. Kd2 Qf5 42. Kc1 g5 43. Kd2 Qe4 44. Kc1 Rd8 45. Rf2 Qe3+ 46. Kc2 Qxh3 47. Qxh3 Rf6 48. Ng4 Rg6 49. Nxh6+ Kg7 50. Nf5+ Kf6 51. Nh6 Rh8 52. Ng4+ Kg7 53. Qf3 Re6 54. Ne5 Rhe8 55. Qg4 Kf6 56. Rg2 Rg8 57. Rh2 Ke7 58. Rh7+ Kd6 59. Rd7# 1-0

[Event "GER-chT U20"]
[Site "Braunschweig"]
[Date "2019.12.29"]
[Round "6.2"]
[White "Fluechter, Gregor"]
[Black "Sieber, Fiona"]
[Result "1-0"]
[WhiteElo "2174"]
[BlackElo "2277"]
[PlyCount "95"]
[EventDate "2019.12.27"]
[EventType "team-swiss"]
[EventRounds "7"]
[EventCountry "GER"]
[SourceTitle "CBM 194 Extra"]
[Source "ChessBase"]
[SourceDate "2020.03.31"]
[SourceVersion "1"]
[SourceVersionDate "2020.03.31"]
[SourceQuality "1"]
[WhiteTeam "Brackel"]
[BlackTeam "Magdeburg Aufbau Elbe"]
[WhiteTeamCountry "GER"]
[BlackTeamCountry "GER"]

1. e4 c5 2. f4 d5 3. exd5 Nf6 4. Bb5+ Nbd7 5. Nf3 a6 6. Bxd7+ Bxd7 7. Ne5 Bf5 8. c4 e6 9. Nc3 exd5 10. cxd5 Bd6 11. 0-0 0-0 12. Qf3 h5 13. d3 Re8 14. Bd2 b5 15. Rae1 g6 16. Ne4 Nxd5 17. Nxf7 Kxf7 18. Ng5+ Kf8 19. Rxe8+ Qxe8 20. Qxd5 Rd8 21. Re1 Qd7 22. Bc3 Bc7 23. Qxc5+ Qd6 24. Qxd6+ Bxd6 25. Ne6+ Bxe6 26. Rxe6 Bc5+ 27. Kf1 b4 28. Be5 Rxd3 29. Rxa6 Rd1+ 30. Ke2 Ra1 31. Kd3 Be7 32. Rxg6 Rxa2 33. Rh6 h4 34. f5 Bg5 35. Rh5 Ra5 36. Ke4 Bc1 37. Rxh4 b3 38. Rh8+ Kf7 39. Rb8 Ra4+ 40. Kf3 Ra5 41. Rb7+ Kg8 42. Ke4 Ra4+ 43. Kd5 Ra5+ 44. Ke6 Ra6+ 45. Ke7 Bg5+ 46. f6 Ra5 47. Ke6 Ra6+ 48. Kf5 1-0

[Event "GER-chT U20"]
[Site "Braunschweig"]
[Date "2019.12.27"]
[Round "2.2"]
[White "Fluechter, Gregor"]
[Black "McPherson, Elisha"]
[Result "1-0"]
[WhiteElo "2174"]
[BlackElo "1975"]
[PlyCount "52"]
[EventDate "2019.12.27"]
[EventType "team-swiss"]
[EventRounds "7"]
[EventCountry "GER"]
[SourceTitle "CBM 194 Extra"]
[Source "ChessBase"]
[SourceDate "2020.03.31"]
[SourceVersion "1"]
[SourceVersionDate "2020.03.31"]
[SourceQuality "1"]
[WhiteTeam "Brackel"]
[BlackTeam "Augsburg"]
[WhiteTeamCountry "GER"]
[BlackTeamCountry "GER"]

1. e4 e6 2. d4 d5 3. exd5 exd5 4. Nf3 Bd6 5. c4 Nf6 6. Nc3 0-0 7. Bd3 dxc4 8. Bxc4 Nbd7 9. 0-0 Nb6 10. Bb3 Bg4 11. Qd3 Bh5 12. Bg5 Bg6 13. Qd2 Re8 14. Nh4 Be7 15. Nxg6 hxg6 16. Rfe1 c6 17. Re2 Nfd5 18. Rae1 Bxg5 19. Rxe8+ Qxe8 20. Rxe8+ Rxe8 21. Qd1 Nf4 22. g3 Ne6 23. Ne4 Bf6 24. Qg4 Bxd4 25. Nd6 Rd8 26. Nxf7 Nd5 1-0

[Event "NRW Class1 1819"]
[Site "Germany"]
[Date "2019.01.13"]
[Round "5.3"]
[White "Fluechter, Gregor"]
[Black "Scholl, Patrick"]
[Result "1-0"]
[WhiteElo "2147"]
[BlackElo "1954"]
[PlyCount "63"]
[EventDate "2018.09.16"]
[EventType "team-tourn"]
[EventRounds "9"]
[EventCountry "GER"]
[SourceTitle "EXT 2022"]
[Source "ChessBase"]
[SourceDate "2021.10.06"]
[SourceVersion "1"]
[SourceVersionDate "2021.10.06"]
[SourceQuality "1"]
[WhiteTeam "Brackel SF"]
[BlackTeam "Weidenau/Geisweid"]
[WhiteTeamCountry "GER"]
[BlackTeamCountry "GER"]

1. e4 e6 2. d4 d5 3. exd5 exd5 4. Nf3 Nc6 5. Bb5 Bd6 6. 0-0 Nge7 7. c4 dxc4 8. Bxc4 0-0 9. h3 Bf5 10. Nc3 a6 11. a3 Qd7 12. Re1 Ng6 13. Bf1 Nf4 14. d5 Ne7 15. g4 Bg6 16. Ne5 Bxe5 17. Rxe5 f6 18. Re1 Nfxd5 19. Rxe7 Qxe7 20. Qxd5+ Bf7 21. Qxb7 Rab8 22. Qxa6 Rb6 23. Qe2 Re6 24. Be3 f5 25. gxf5 Re5 26. Qg4 Be8 27. Bc4+ Kh8 28. Be6 Bf7 29. Qd4 Ra5 30. Nd5 Qe8 31. Nxc7 Qb8 32. Bh6 1-0

[Event "Dortmund Helmut Kohl"]
[Site "Dortmund"]
[Date "2016.07.13"]
[Round "5"]
[White "Pajeken, Jakob Leon"]
[Black "Fluechter, Gregor"]
[Result "1/2-1/2"]
[WhiteElo "2051"]
[BlackElo "2182"]
[PlyCount "86"]
[EventDate "2016.07.09"]
[EventType "tourn"]
[EventRounds "9"]
[EventCountry "GER"]
[SourceTitle "CBM 173 Extra"]
[Source "ChessBase"]
[SourceDate "2016.08.29"]
[SourceVersion "1"]
[SourceVersionDate "2016.08.29"]
[SourceQuality "1"]

1. e4 c5 2. Nf3 Nc6 3. d4 cxd4 4. Nxd4 e5 5. Nb5 a6 6. Nd6+ Bxd6 7. Qxd6 Qe7 8. Qd1 Nf6 9. Nc3 d6 10. Bg5 Be6 11. Nd5 Bxd5 12. exd5 Nb8 13. Be2 Nbd7 14. 0-0 h6 15. Be3 0-0 16. c4 Nh7 17. b4 f5 18. f3 Nhf6 19. Rc1 f4 20. Bf2 a5 21. a3 axb4 22. axb4 b6 23. Qc2 Kh8 24. Bd3 Rfc8 25. Qb3 Rc7 26. Rc2 Qd8 27. Rfc1 Qb8 28. Bf5 Qb7 29. Qd3 Ra4 30. Qd2 Ra8 31. Be6 Nf8 32. Bf5 N8d7 33. Bg6 Nf8 34. Bd3 N8d7 35. Rf1 Rb8 36. Ra1 Ra8 37. Rca2 Rcc8 38. Qe2 Rcb8 39. Qb2 Kg8 40. Qb3 Kh8 41. Ra3 Rxa3 42. Qxa3 b5 43. cxb5 Nxd5 1/2-1/2

[Event "Dortmund Helmut Kohl"]
[Site "Dortmund"]
[Date "2016.07.11"]
[Round "3"]
[White "Ramsdal, Jens Albert"]
[Black "Fluechter, Gregor"]
[Result "1/2-1/2"]
[WhiteElo "2204"]
[BlackElo "2182"]
[PlyCount "83"]
[EventDate "2016.07.09"]
[EventType "tourn"]
[EventRounds "9"]
[EventCountry "GER"]
[SourceTitle "CBM 173 Extra"]
[Source "ChessBase"]
[SourceDate "2016.08.29"]
[SourceVersion "1"]
[SourceVersionDate "2016.08.29"]
[SourceQuality "1"]

1. e4 c5 2. Nf3 Nc6 3. d4 cxd4 4. Nxd4 e5 5. Nb5 a6 6. Nd6+ Bxd6 7. Qxd6 Qe7 8. Qxe7+ Ngxe7 9. Bd2 d5 10. exd5 Nxd5 11. Nc3 Ndb4 12. 0-0-0 Bf5 13. Bc4 Bxc2 14. Rde1 Bd3 15. Nd5 Nxd5 16. Bxd5 f6 17. f4 e4 18. Bxe4 Bxe4 19. Rxe4+ Kf7 20. Rhe1 Rhe8 21. Bc3 Rxe4 22. Rxe4 Rd8 23. Kc2 f5 24. Re3 Nd4+ 25. Kc1 g6 26. g3 Nc6 27. Kc2 Nd4+ 28. Bxd4 Rxd4 29. Rd3 Rxd3 30. Kxd3 Ke6 31. Kc4 Kd6 32. Kd4 a5 33. a4 b6 34. Kc4 Kc6 35. h3 h5 36. h4 Kd6 37. Kb5 Kc7 38. b4 axb4 39. Kxb4 Kc6 40. Kc4 Kd6 41. Kb5 Kc7 42. Kc4 1/2-1/2